German to English #1 - Statistics

General Stats
  • This quiz has been taken 17 times
  • The average score is 13 of 15
Answer Stats
Hint Answer % Correct
Hallo Hello
100%
Ich I
100%
Nein No
100%
Danke Thanks
100%
Ja Yes
100%
Hund Dog
93%
Gut Good
93%
Eins One
93%
Zwei Two
93%
Katze Cat
86%
Wasser Water
86%
Du You
86%
Bitte Please
71%
Klein Small
64%
Groß Big
57%
No matching quizzes found
Score Distribution
Percent of People with Each Score
Percentile by Number Answered
Your Score History
You have not taken this quiz